00707nam a2200241 a 4500001001300000003000900013005001700022008004100039020001000080082001900090100002500109245001800134260005400152300000800206500003500214505002600249650001600275700002500291902000800316942000700324952011900331999001500450nice12345678IN_TiNIC20260116011737.0050524s1922 hyda grp 000 0 urd  ac10000a891.4391bJAL2 aJaleel, Fasahat Jung aUrdu Ka Urooz aHyderabad bMarkazi Anjuman Taleemus Salat c1922 a55p aincludes index and biblioraphy2 aSelected Bibliography aUrdu-Poetry1 aJaleel, Fasahat Jung bSRS cBK 001040708StackRoom-aHMIbHMId2007-06-25g100.00l0o891.4391 JAL2p09564r2007-06-25v100.00w2005-05-24yBK c3645d3645